21st Century David Bowie - Sudden Death - Statistics

General Stats
  • This quiz has been taken 7 times
  • The average score is 3 of 16
Answers on the Grid
Answers color-coded by a green-red scale on the quiz's grid according to % correct below.
Heathen (The Rays)
Watch That Man
Modern Love
Lazarus
Quicksand
Everyone Says "Hi"
The Stars (Are Out Tonight)
Thursday's Child
Where Are We Now?
Days
Word on a Wing
Try Some, Buy Some
The Jean Genie
Fall Dog Bombs the Moon
Time
Memories of a Free Festival
Cactus
Sue (Or in a Season of Crime)
Valentine's Day
Up the Hill Backwards
Sunday
Cracked Actor
A Small Plot of Land
Looking for Satellites
Fantastic Voyage
5:15 The Angels Have Gone
Rock 'n' Roll Suicide
The Hearts Filthy Lesson
New Killer Star
Lady Stardust
Looking for Water
I Can't Give Everything Away
 
Answer Stats
Answer % Correct
Heathen (The Rays)
100%
Lazarus
60%
The Stars (Are Out Tonight)
40%
Days
20%
Everyone Says "Hi"
20%
Fall Dog Bombs the Moon
20%
Try Some, Buy Some
20%
Where Are We Now?
20%
5:15 The Angels Have Gone
0%
Cactus
0%
I Can't Give Everything Away
0%
Looking for Water
0%
New Killer Star
0%
Sue (Or in a Season of Crime)
0%
Sunday
0%
Valentine's Day
0%
No matching quizzes found
Score Distribution
Percent of People with Each Score
Percentile by Number Answered
Your Score History
You have not taken this quiz